000 00878cam a2200265 a 4500
001 k 61000505
003 DLC
005 20260227111524.0
008 000927s1959 ko 000 0 kor c
010 _ak 61000505
035 _a(CStRLIN)DCLP00-B12458
040 _aHarvard Univ. Chinese-Japanese Library
_cYNH
_dDLC-R
_dDLC
043 _aa-kr---
050 0 0 _aPL959.K472
_bS24 1959
066 _c$1
100 1 _6880-01
_aKim, Kyu-dong,
_d1923-
245 1 0 _6880-02
_aSaeroun siron /
_cKim Kyu-dong chŏ.
260 _6880-03
_a[Seoul] :
_bSanhojang,
_cTanʼgi 4292 [1959]
300 _a192 p. ;
_c18 cm.
500 _aColophon inserted.
650 0 _aKorean poetry
_xHistory and criticism.
880 1 _6100-01/$1
_a金 奎東,
_d1923-
880 1 0 _6245-02/$1
_a새로운 詩論 /
_c金 奎東 著.
880 _6260-03/$1
_a[Seoul] :
_b珊瑚莊,
_c檀紀4292 [1959]
999 _c35309
_d35309